| 000 | 00400 a2200133 4500 | ||
|---|---|---|---|
| 001 | 90447 | ||
| 082 | _aPR 921 | ||
| 090 |
_c42780 _d42780 |
||
| 100 | _aShafqat Ali Bhatti | ||
| 245 |
_are-installation, calibration and running of Amsler 10 ton tensile testing machine _nG-24 |
||
| 260 |
_aKarachi _bNED University _c1988 |
||
| 300 |
_aix, 51 p. _bhand written manuscript |
||
| 500 | _aBE Project Reports | ||
| 942 |
_aCAE NUST _kPR 921 |
||
| 999 |
_c325520 _d325520 |
||